01447nam a22002297a 4500003000400000008004100004020001800045082001500063100003100078245007100109250001400180260005000194300001100244650001200255942001200267999001700279952018500296952018400481952018400665952018400849952018401033OSt240329b |||||||| |||| 00| 0 eng d a9789355016836 a954.03 GRM aGROVER, B.L. & MEHTA, Alka aA New Look at Modern Indian History: From 1707 to The Modern Times a33rd. ed. aNew DelhibS Chand and Comopany limitedc2024 a582 p. aEnglish 2ddccBK c12335d12335 00102ddc40708BAHONSENGaPIETNCRbPIETNCRd2024-03-23eZafaa Books & DistributorsfIn Rupeesg675.00kZBD0458l0o954.03 GRMpN3532r2024-03-29 00:00:00v472.50w2024-03-23yREF 00102ddc40708BAHONSENGaPIETNCRbPIETNCRd2024-03-23eZafaa Books & DistributorsfIn Rupeesg675.00kZBD0458l0o954.03 GRMpN3533r2024-03-29 00:00:00v472.50w2024-03-23yBK 00102ddc40708BAHONSENGaPIETNCRbPIETNCRd2024-03-23eZafaa Books & DistributorsfIn Rupeesg675.00kZBD0458l0o954.03 GRMpN3534r2024-03-29 00:00:00v472.50w2024-03-23yBK 00102ddc40708BAHONSENGaPIETNCRbPIETNCRd2024-03-23eZafaa Books & DistributorsfIn Rupeesg675.00kZBD0458l0o954.03 GRMpN3535r2024-03-29 00:00:00v472.50w2024-03-23yBK 00102ddc40708BAHONSENGaPIETNCRbPIETNCRd2024-03-23eZafaa Books & DistributorsfIn Rupeesg675.00kZBD0458l0o954.03 GRMpN3536r2024-03-29 00:00:00v472.50w2024-03-23yBK